000
00264nam a2200097Ia 4500
001
1178188
005
20250827012741.0
008
250824s9999 xx 000 0 und d
245
0
_a
İBNİ SİNA İLE UÇAN ADAMIN PEŞİNDE
_c
ÖZKAN ÖZE
260
_b
KETEBE YAYINLARI
999
_c
1178188
_d
1178188